<An> Illustrated guide to plant abnormalities cased by eriophyid mites in North America

Salvato in:
Dettagli Bibliografici
Natura: Libro
Lingua:inglese
Pubblicazione: Washington United States Department of Agriculture 1982
Tags: Aggiungi Tag
Nessun Tag, puoi essere il primo ad aggiungerne!!

MARC

LEADER 00000nam a2200000 4500
001 c131453
005 20041019155252.4
041 0 |a eng 
044 |a US 
245 1 0 |a <An> Illustrated guide to plant abnormalities cased by eriophyid mites in North America 
264 1 |a Washington  |b United States Department of Agriculture  |c 1982 
300 |a 178 s.  |e 25 s. príl.